NEW METHODS OF ANALYTICAL CHEMISTRY (Record no. 32573)

MARC details
000 -LEADER
fixed length control field 00416nam a2200145Ia 4500
008 - FIXED-LENGTH DATA ELEMENTS--GENERAL INFORMATION
fixed length control field 211109s9999||||xx |||||||||||||| ||und||
082 ## - DEWEY DECIMAL CLASSIFICATION NUMBER
Classification number 543
Item number BEL-N
100 ## - MAIN ENTRY--PERSONAL NAME
Personal name Belcher, Ronald
245 #0 - TITLE STATEMENT
Title NEW METHODS OF ANALYTICAL CHEMISTRY
260 ## - PUBLICATION, DISTRIBUTION, ETC.
Name of publisher, distributor, etc. Chapman & Co Ltd
Place of publication, distribution, etc. London
Date of publication, distribution, etc. 1964
300 ## - PHYSICAL DESCRIPTION
Extent 366p.
630 ## - SUBJECT ADDED ENTRY--UNIFORM TITLE
General subdivision General Stack
650 ## - SUBJECT ADDED ENTRY--TOPICAL TERM
Topical term or geographic name entry element Analytical chemistry
942 ## - ADDED ENTRY ELEMENTS (KOHA)
Koha item type BOOK
650 ## - SUBJECT ADDED ENTRY--TOPICAL TERM
Form subdivision Chemistry & allied sciences
General subdivision Chemistry
Holdings
Withdrawn status Lost status Damaged status Not for loan Home library Current library Date acquired Cost, normal purchase price Total Checkouts Full call number Barcode Shelving location Date last seen Price effective from Koha item type
        SB LIBRARY SB LIBRARY 09/11/2021 150.00   543 BEL-N 00033698 GENERAL STACK 09/11/2021 09/11/2021 BOOK

Powered by Koha